Moixeró, La Tosa : Parc Natural Cadí - Moixeró : mapa i guia excursionista : E-25 Parc Natural Cadí - Moixeró :
MARC
| LEADER | 00000nam a2200000Ia 4500 | ||
|---|---|---|---|
| 001 | 22298 | ||
| 008 | 160829s2004 xx 000 0 cat d | ||
| 020 | |a 84-8090-177-2 (Geògraf), 84-9578-871-3 (Geoestel) | ||
| 080 | |a FU-54-22 | ||
| 245 | |a Moixeró, La Tosa : |b Parc Natural Cadí - Moixeró : |b mapa i guia excursionista : |b E-25 | ||
| 260 | |a [Granollers] : |b Alpina ; [Barcelona] : |b Societat Gestora d'Informació Territorial Geoestel, Geògraf Salvador Llobet Edicions Cartogràfiques, |c 2004 | ||
| 300 | |a 38 p. ; |c 21 cm + 1 mapa pleg. | ||
| 590 | |a Inclou mapa excursionista de 68 x 97 cm plegat a 17 x 11 cm, escala 1:25000, i text de la llegenda en català, castellà, anglès i francès. | ||
| 650 | |a Parc Natural del Cadí-Moixeró |x Circuits turístics |9 39592 | ||
| 650 | |a Parc Natural del Cadí-Moixeró |x Guies |9 39593 | ||
| 650 | |a Parc Natural del Cadí-Moixeró |x Mapes |9 39594 | ||
| 710 | 2 | |a Geoestel (Firma) |9 54343 | |
| 710 | 2 | |a Geògraf Salvador Llobet, Edicions Cartogràfiques |9 55770 | |
| 866 | |a 2004 - 2005 | ||
| 901 | |a Arxiu | ||
| 942 | |n 1 | ||
| 952 | |0 0 |1 0 |4 0 |6 FU5422 |7 1 |9 52112 |a Arxiu |b Arxiu |d 2016-12-01 |l 0 |o FU-54-22 |p 22298 |r 2016-12-01 00:00:00 |w 2016-12-01 |y ARXIU | ||
| 999 | |c 55960 |d 55960 | ||